[Event "Rosario Italia Cup"]
[Site "Rosario"]
[Date "2023.12.03"]
[Round "5"]
[White "Banegas, Adrian"]
[Black "Morgado, Walter"]
[Result "1/2-1/2"]
[WhiteElo "1763"]
[BlackElo "1513"]
[PlyCount "132"]
[EventDate "2023.12.01"]
[EventType "swiss"]
[EventRounds "6"]
[EventCountry "ARG"]
[SourceTitle "CB50_2023"]
[SourceDate "2023.12.13"]
[SourceVersion "1"]
[SourceVersionDate "2023.12.13"]
[SourceQuality "1"]

1. c4 e5 2. Nc3 c6 3. Nf3 d6 4. g3 Nf6 5. Bg2 Be7 6. 0-0 Be6 7. d3 Nbd7 8. Rb1 Qc7 9. b4 0-0 10. b5 Rab8 11. Bb2 Rfd8 12. Ng5 Nf8 13. Nxe6 Nxe6 14. Qa4 Nc5 15. Qc2 Ne6 16. Rfc1 Nd4 17. Qd2 Ne6 18. a4 Nd7 19. Na2 Ndc5 20. Qd1 Bg5 21. e3 a5 22. Nc3 Re8 23. Ne2 Nd7 24. h4 Bh6 25. Bc3 g6 26. Qd2 Qc8 27. Bxa5 Ra8 28. Ra1 Ndc5 29. Rcb1 Bg7 30. Bb4 Rxa4 31. Rxa4 Nxa4 32. d4 Nb6 33. Rc1 exd4 34. exd4 c5 35. dxc5 dxc5 36. Ba5 Qc7 37. Bxb6 Qxb6 38. Nc3 Bd4 39. Nd5 Qd6 40. Qd3 Nc7 41. Qf3 Nxd5 42. Qxd5 Qxd5 43. Bxd5 b6 44. Rc2 Re1+ 45. Kg2 Ra1 46. Re2 Ra7 47. Re8+ Kg7 48. f3 Bc3 49. g4 h6 50. Kg3 Rd7 51. Kf4 Bd2+ 52. Ke4 Be1 53. h5 Bh4 54. hxg6 fxg6 55. Re6 Bd8 56. f4 Re7 57. f5 gxf5+ 58. gxf5 Rxe6+ 59. Bxe6 Bf6 60. Kd5 Bc3 61. Kc6 Ba5 62. Kd6 Kf6 63. Kd5 Bc3 64. Ke4 Bd2 65. Kf3 Bg5 66. Kg4 Bd2 1/2-1/2